00426nam a2200193Ia 4500003000400000005001700004008004100021020001700062040000700079041000800086082001300094100001300107245001700120260003900137300001500176365001300191650001400204650001400218OSt20230403144257.0210423s1992 xx 000 0 und d a978014044036 cAL aeng a330 KAUT aKAUTILYA aArthashastra aNew DelhibPenguin Books Ltdc1992 aix,819bPB b599cINR aEconomics aEconomics